000 00192nam a22000977a 4500
082 _a823
_bALC/J
100 _aALCOTT,LOUISA
245 _aJO'S BOYS
246 _aJO'S BOYS
_bJO'S BOYS
942 _cBK
999 _c8236
_d8236